Pro Sports Teams in Minnesota, Michigan, Wisconsin - Statistics

General Stats
  • This quiz has been taken 40 times
  • The average score is 11 of 12
Answer Stats
League Team % Correct
NFL Detroit Lions
100%
MLB Detroit Tigers
100%
NFL Green Bay Packers
100%
NFL Minnesota Vikings
100%
MLB Milwaukee Brewers
97%
NBA Milwaukee Bucks
97%
MLB Minnesota Twins
97%
NHL Minnesota Wild
97%
NBA Detroit Pistons
94%
NHL Detroit Red Wings
94%
NBA Minnesota Timberwolves
94%
MLS Minnesota United
53%
No matching quizzes found
Score Distribution
Percent of People with Each Score
Percentile by Number Answered
Your Score History
You have not taken this quiz